000 01071cam a2200301 i 4500
001 60977
003 Mx-PuUPA
005 20250319162259.0
008 140415s2021 mx gr 000 f spa d
020 _a9786070775956
040 _aMx-PuUPA
_cMx-PuUPA
_bspa
_dMx-PuUPA
_erda
041 0 _aspa
100 1 _aPalou, Pedro Angel,
_d1966-
_eautor
_913572
245 1 0 _aCon la muerte en los puños :
_b(cuaderno de mis días y mis noches bajo el ring) /
_cPedro Ángel Palou
250 _aPrimera edición
264 1 _aCiudad de México :
_bEditorial Planeta Mexicana,
_c2021
300 _a148 páginas ;
_c20 cm
336 _2rdacontent
_atexto
_btxt
337 _2rdamedia
_asin medio
_bn
338 _2rdacarrier
_avolumen
_bnc
490 0 _aBiblioteca Pedro Ángel Palou
650 7 _2armarc
_aLiteratura mexicana
650 7 _2armarc
_aNovela mexicana
942 _2ddc
_cLI
_h863
_iP15
999 _c60977
_d60977